00665 2200241 4500001002100000005001500021035002000036007000300056008004100059020002200100082000800122084001400130100002000144245008400164250001000248260003400258300003600292650001700328700002300345504003300368990001100401990001100412INLIS00000000000375520190717032419 a0010-0719000173ta190717 g 0 ind  a978-602-17535-6-9 a615 a615 TUT k0 aTUTY, Handayani1 aKhasiat Ampuh Akar - Batang - Daun /cTuty Handayani; editor, Tim Redaksi Infra acet.1 a[s.l] :bInfra Pustaka,c2013 aiv, 137 hlm. :bilus. ;c23 cm. 4aTANAMAN OBAT0 aTIM, Redaksi Infra aBibliografi : hlm. 135 - 137 a5793 a a5793 b